The Thatched Patio, v.6 no. 6 (Record no. 2040)
[ view plain ]
| 000 -LEADER | |
|---|---|
| fixed length control field | 004100000a22001330004500 |
| 008 - FIXED-LENGTH DATA ELEMENTS--GENERAL INFORMATION | |
| fixed length control field | 230817t ||||| |||| 00| 0 eng d |
| 942 ## - ADDED ENTRY ELEMENTS (KOHA) | |
| Item Type | Periodicals |
| 245 ## - TITLE STATEMENT | |
| Title | The Thatched Patio, v.6 no. 6 |
| 246 ## - VARYING FORM OF TITLE | |
| Title | Conflict and Resolution: |
| Remainder of Title | Global and National |
| 260 ## - PUBLICATION, DISTRIBUTION, ETC. (IMPRINT) | |
| Place of Publication | Colombo: |
| Name of Publisher | International Centre for Ethnic Studies, |
| Date of Copyright | 1993 |
| 300 ## - PHYSICAL DESCRIPTION | |
| Physical Details | 65 p. ; 25 cm |
| 650 ## - SUBJECT ADDED ENTRY--TOPICAL TERM | |
| Topical Term | Capitalism |
| 650 ## - SUBJECT ADDED ENTRY--TOPICAL TERM | |
| Topical Term | Discrimination, racial- Africa |
| Withdrawn status | Lost status | Damaged status | Not for loan | Permanent location | Current location | Date acquired | Total Checkouts | Full call number | Barcode | Date last seen | Price effective from | Koha item type |
|---|---|---|---|---|---|---|---|---|---|---|---|---|
| Resource center, Muslim Women's Research And Action Forum | Resource center, Muslim Women's Research And Action Forum | 2023-08-17 | 338.91 CON | RAF4427 | 2023-08-17 | 2023-08-17 | Periodicals |

